[Event "Ruhrgebiet Regionalliga 1819"]
[Site "Nordrheinwestfalen"]
[Date "2018.10.28"]
[Round "3.2"]
[White "Schlehoefer, Ralf"]
[Black "Wittenberg, Andreas"]
[Result "1/2-1/2"]
[WhiteElo "2195"]
[BlackElo "2171"]
[PlyCount "54"]
[EventDate "2018.09.02"]
[EventType "team-tourn"]
[EventRounds "11"]
[EventCountry "GER"]
[SourceTitle "EXT 2022"]
[Source "ChessBase"]
[SourceDate "2021.10.06"]
[SourceVersion "1"]
[SourceVersionDate "2021.10.06"]
[SourceQuality "1"]
[WhiteTeam "Wattenscheid SV II"]
[BlackTeam "Muelheim Nord III"]
[WhiteTeamCountry "GER"]
[BlackTeamCountry "GER"]

1. d4 e6 2. c4 Bb4+ 3. Nd2 f5 4. a3 Be7 5. e4 fxe4 6. Nxe4 Nf6 7. Nc3 0-0 8. Nf3 b6 9. Bd3 Bb7 10. 0-0 a6 11. Bg5 Ng4 12. Bxe7 Qxe7 13. d5 e5 14. h3 Nf6 15. Re1 d6 16. Nd4 Qf7 17. Ne6 Re8 18. f4 exf4 19. Ne4 Rxe6 20. dxe6 Qxe6 21. Nxf6+ Qxf6 22. Re8+ Kf7 23. Qh5+ g6 24. Qxh7+ Kxe8 25. Re1+ Kf8 26. Qh6+ Kf7 27. Qh7+ Kf8 1/2-1/2

[Event "Ruhrgebiet Regionalliga 1718"]
[Site "Germany"]
[Date "2018.03.04"]
[Round "7.1"]
[White "Nissen, Claus"]
[Black "Schlehoefer, Ralf"]
[Result "1-0"]
[WhiteElo "2100"]
[BlackElo "2216"]
[PlyCount "63"]
[EventDate "2017.10.01"]
[EventType "team-tourn"]
[EventRounds "9"]
[EventCountry "GER"]
[SourceTitle "EXT 2022"]
[Source "ChessBase"]
[SourceDate "2021.10.06"]
[SourceVersion "1"]
[SourceVersionDate "2021.10.06"]
[SourceQuality "1"]
[WhiteTeam "Oberhausen SV II"]
[BlackTeam "Wattenscheid SV II"]
[WhiteTeamCountry "GER"]
[BlackTeamCountry "GER"]

1. c4 c6 2. d4 d5 3. Nf3 e6 4. Nc3 dxc4 5. a4 Bb4 6. Ne5 b5 7. g3 f6 8. Nf3 Bb7 9. Bh3 Qd7 10. 0-0 Ne7 11. e4 0-0 12. axb5 Re8 13. Qa4 Bxc3 14. Qxc4 Ng6 15. Qxc3 cxb5 16. d5 Qf7 17. Bxe6 Rxe6 18. dxe6 Qxe6 19. Re1 Nc6 20. Ra3 Kh8 21. Qb3 Qxb3 22. Rxb3 a6 23. Bf4 Rd8 24. Rc3 h6 25. h4 b4 26. Rcc1 Rd3 27. Re3 Rd7 28. h5 Nxf4 29. gxf4 Nd4 30. Nxd4 Rxd4 31. e5 fxe5 32. fxe5 1-0

[Event "Ruhrgebiet Regionalliga 1718"]
[Site "Germany"]
[Date "2018.02.11"]
[Round "6"]
[White "Schlehoefer, Ralf"]
[Black "Tomaszewski, Roman"]
[Result "1/2-1/2"]
[WhiteElo "2216"]
[BlackElo "2191"]
[PlyCount "100"]
[EventDate "2017.10.01"]
[EventType "team-tourn"]
[EventRounds "9"]
[EventCountry "GER"]
[SourceTitle "EXT 2022"]
[Source "ChessBase"]
[SourceDate "2021.10.06"]
[SourceVersion "1"]
[SourceVersionDate "2021.10.06"]
[SourceQuality "1"]
[WhiteTeam "Wattenscheid SV II"]
[BlackTeam "Sodingen/Castrop SK"]
[WhiteTeamCountry "GER"]
[BlackTeamCountry "GER"]

1. d4 Nf6 2. c4 g6 3. Nc3 d5 4. cxd5 Nxd5 5. Qa4+ Bd7 6. Qb3 Nxc3 7. bxc3 b6 8. e4 Bg7 9. Bc4 0-0 10. h4 Nc6 11. Qd1 Na5 12. Bd3 e5 13. h5 exd4 14. hxg6 fxg6 15. cxd4 Bxd4 16. Bc4+ Nxc4 17. Qxd4 Be6 18. Nf3 Qxd4 19. Nxd4 Bd7 20. Bh6 c5 21. Bxf8 cxd4 22. Bh6 Ba4 23. Rc1 b5 24. Bg5 Re8 25. f3 d3 26. Rxc4 bxc4 27. Kd2 Re5 28. Be3 Ra5 29. Rb1 Bc6 30. Kc3 Rxa2 31. Kxc4 a6 32. Kxd3 Rxg2 33. Kd4 Rc2 34. Ke5 Kf7 35. Rb8 h5 36. Kd6 Bb5 37. Rb7+ Ke8 38. Rb8+ Kf7 39. Rb7+ Ke8 40. e5 Rc6+ 41. Kd5 Rc8 42. Rh7 Rd8+ 43. Ke6 Bc4+ 44. Kf6 Rd3 45. e6 Bxe6 46. Re7+ Kd8 47. Rxe6 h4 48. f4 h3 49. Bb6+ Kd7 50. Re7+ Kc6 1/2-1/2

[Event "Ruhrgebiet Regionalliga 1718"]
[Site "Germany"]
[Date "2017.10.01"]
[Round "1.1"]
[White "Sohlmann, Jan Henning"]
[Black "Schlehoefer, Ralf"]
[Result "0-1"]
[WhiteElo "2230"]
[BlackElo "2216"]
[PlyCount "110"]
[EventDate "2017.10.01"]
[EventType "team-tourn"]
[EventRounds "9"]
[EventCountry "GER"]
[SourceTitle "EXT 2022"]
[Source "ChessBase"]
[SourceDate "2021.10.06"]
[SourceVersion "1"]
[SourceVersionDate "2021.10.06"]
[SourceQuality "1"]
[WhiteTeam "Welper SV"]
[BlackTeam "Wattenscheid SV II"]
[WhiteTeamCountry "GER"]
[BlackTeamCountry "GER"]

1. e4 e5 2. Nf3 Nc6 3. c3 d5 4. Qa4 f6 5. d3 Be6 6. Be2 Bc5 7. Nbd2 a6 8. d4 exd4 9. cxd4 Bb6 10. 0-0 Nge7 11. Re1 0-0 12. exd5 Nxd5 13. Ne4 Bf7 14. Bd2 Re8 15. Nc5 Qc8 16. Bd3 Nde7 17. Rac1 Rd8 18. Bb1 Bd5 19. Be4 Bxe4 20. Rxe4 Bxc5 21. dxc5 Kh8 22. Rce1 Ng6 23. Qc2 Qd7 24. Bc3 Re8 25. h4 Rxe4 26. Qxe4 Nge7 27. h5 Qd5 28. h6 Qxe4 29. Rxe4 Nd5 30. Bd2 g5 31. b3 Kg8 32. Bc1 Kf7 33. Bb2 Re8 34. Rxe8 Kxe8 35. Nh2 Ncb4 36. a3 Nd3 37. Bd4 Nc1 38. Kf1 Nxb3 39. Bb2 Nxc5 40. g3 Kf7 41. Ng4 Nd3 42. Ba1 Ke6 43. Ke2 Nc1+ 44. Kd1 Nb3 45. Bb2 Kf5 46. f3 c5 47. Nf2 Ne3+ 48. Ke2 Nc4 49. Bc3 Nxa3 50. Ne4 Nb5 51. Bxf6 N3d4+ 52. Ke3 Nc3 53. g4+ Kg6 54. Bxd4 cxd4+ 55. Kxd4 Nxe4 0-1

[Event "Ruhrgebiet Regionalliga 1617"]
[Site "Germany"]
[Date "2017.01.15"]
[Round "5.2"]
[White "Ozerov, Ilja"]
[Black "Schlehoefer, Ralf"]
[Result "1/2-1/2"]
[WhiteElo "2166"]
[BlackElo "2216"]
[PlyCount "70"]
[EventDate "2016.09.11"]
[EventType "team-tourn"]
[EventRounds "9"]
[EventCountry "GER"]
[SourceTitle "EXT 2022"]
[Source "ChessBase"]
[SourceDate "2021.10.06"]
[SourceVersion "1"]
[SourceVersionDate "2021.10.06"]
[SourceQuality "1"]
[WhiteTeam "Muelheim Nord III"]
[BlackTeam "Wattenscheid SV II"]
[WhiteTeamCountry "GER"]
[BlackTeamCountry "GER"]

1. e4 e5 2. Bc4 Nc6 3. Nc3 d6 4. d3 Na5 5. Qf3 Nxc4 6. dxc4 Be6 7. b3 c6 8. Bb2 Nf6 9. h3 Be7 10. Nge2 0-0 11. Rd1 Qa5 12. 0-0 b5 13. cxb5 cxb5 14. a3 Qb6 15. Ng3 g6 16. Rfe1 a5 17. Nf1 b4 18. Na4 Qc6 19. axb4 axb4 20. Re2 Nh5 21. Ne3 f5 22. Nd5 Bxd5 23. exd5 Qb5 24. Ree1 Rac8 25. Qe2 Qb7 26. Bc1 Rc7 27. Nb2 Rc5 28. Nc4 Rxd5 29. Rxd5 Qxd5 30. Rd1 Qe6 31. Bd2 Rb8 32. Qe1 d5 33. Qxe5 Qxe5 34. Nxe5 Rc8 35. Nd3 Rxc2 1/2-1/2

[Event "Ruhrgebiet Verbandsliga1 1011"]
[Site "Nordrheinwestfalen"]
[Date "2011.01.16"]
[Round "5"]
[White "Schlehoefer, Ralf"]
[Black "Schlueter, Christoph"]
[Result "0-1"]
[WhiteElo "2248"]
[BlackElo "2022"]
[PlyCount "107"]
[EventDate "2011.09.12"]
[EventType "team-tourn"]
[EventRounds "9"]
[EventCountry "GER"]
[SourceTitle "EXT 2020"]
[Source "ChessBase"]
[SourceDate "2019.10.17"]
[SourceVersion "1"]
[SourceVersionDate "2019.10.17"]
[SourceQuality "1"]
[WhiteTeam "Wattenscheid SV"]
[BlackTeam "Kirchhellen SF"]
[WhiteTeamCountry "GER"]
[BlackTeamCountry "GER"]

1. d4 d5 2. Nf3 Nf6 3. e3 g6 4. c4 c6 5. cxd5 cxd5 6. Ne5 Bg7 7. Bb5+ Nbd7 8. 0-0 0-0 9. Bxd7 Nxd7 10. Nd3 b6 11. Nc3 Bb7 12. b3 Rc8 13. Bb2 Nf6 14. f3 a6 15. Qd2 e6 16. Ba3 Re8 17. Ne5 Nd7 18. Nxd7 Qxd7 19. Na4 Qd8 20. Rac1 Bc6 21. Nb2 Qd7 22. Rc2 Bb5 23. Rfc1 Rxc2 24. Qxc2 e5 25. dxe5 Bxe5 26. Nd3 Bf6 27. Qd2 d4 28. e4 Bxd3 29. Qxd3 Be5 30. Rd1 Qc6 31. Bb2 Rd8 32. g3 h5 33. f4 Bf6 34. Rc1 Qe6 35. Kg2 h4 36. Rc4 b5 37. Rc2 hxg3 38. hxg3 Kh7 39. Rf2 Re8 40. Kf3 Qh3 41. Bxd4 Qh1+ 42. Rg2 Bxd4 43. Qxd4 Kg8 44. Qg1 Qh3 45. Rh2 Qd7 46. Qe3 Qd1+ 47. Qe2 Qd4 48. g4 Rc8 49. Rh3 Qg1 50. Qd3 b4 51. Rg3 Qh1+ 52. Kf2 Qh2+ 53. Rg2 Qxf4+ 54. Ke2 0-1

[Event "Ruhrgebiet Regionalliga 0910"]
[Site "Germany"]
[Date "2009.11.08"]
[Round "3.2"]
[White "Dargel, Manuel"]
[Black "Schlehoefer, Ralf"]
[Result "1/2-1/2"]
[WhiteElo "2244"]
[BlackElo "2326"]
[PlyCount "147"]
[EventDate "2009.09.06"]
[EventType "team-tourn"]
[EventRounds "9"]
[EventCountry "GER"]
[SourceTitle "EXT 2011"]
[Source "ChessBase"]
[SourceDate "2010.11.26"]
[SourceVersion "1"]
[SourceVersionDate "2010.11.26"]
[SourceQuality "1"]
[WhiteTeam "Hamm Koenigsspringer"]
[BlackTeam "Wattenscheid III"]
[WhiteTeamCountry "GER"]
[BlackTeamCountry "GER"]

1. c4 e6 2. Nc3 d5 3. cxd5 exd5 4. d4 c5 5. Nf3 Nc6 6. g3 Nf6 7. Bg2 Be7 8. 0-0 0-0 9. dxc5 d4 10. Na4 Bf5 11. Ne1 Be4 12. Bg5 Re8 13. Bxf6 Bxf6 14. Bxe4 Rxe4 15. Nd3 Qe7 16. Re1 Re8 17. b4 Be5 18. b5 Nd8 19. Nxe5 Qxe5 20. Qd3 Rxe2 21. Rxe2 Qxe2 22. Rd1 Qxa2 23. Qxd4 Ne6 24. Qb4 h5 25. h4 Qe2 26. Re1 Qf3 27. Qe4 Qxe4 28. Rxe4 Rd8 29. Rc4 Rd4 30. Rxd4 Nxd4 31. Nc3 f5 32. Kg2 Kf7 33. f3 Ke6 34. Kf2 Nb3 35. b6 axb6 36. cxb6 Nc5 37. Ke3 Ke5 38. Ne2 Ne6 39. Kd3 Kd5 40. Nc3+ Kc5 41. Ke3 g6 42. g4 Kxb6 43. Nd5+ Kc5 44. Ne7 fxg4 45. fxg4 hxg4 46. Nxg6 b5 47. Ne5 g3 48. Kf3 Kd5 49. Nd3 Kc4 50. Ne5+ Kc3 51. Nd7 b4 52. Nb6 b3 53. Na4+ Kc2 54. h5 g2 55. Kf2 Nc5 56. h6 Nxa4 57. h7 b2 58. Kxg2 b1Q 59. h8Q Qb7+ 60. Kg3 Qc7+ 61. Kg4 Qc4+ 62. Kg5 Nc3 63. Qh2+ Kd3 64. Qh3+ Kd4 65. Qd7+ Ke3 66. Qh3+ Kd2 67. Qg2+ Ne2 68. Kh6 Qh4+ 69. Kg7 Ke3 70. Qg6 Nf4 71. Qb6+ Kf3 72. Qb3+ Kg4 73. Qd1+ Kf5 74. Qc2+ 1/2-1/2

[Event "Ruhrgebiet VL2 0708"]
[Site "Germany"]
[Date "2008.01.20"]
[Round "5.2"]
[White "Schlehoefer, Ralf"]
[Black "Huettemann, Karl Heinz"]
[Result "1/2-1/2"]
[WhiteElo "2315"]
[BlackElo "2249"]
[PlyCount "41"]
[EventDate "2007.09.02"]
[EventType "team"]
[EventRounds "9"]
[EventCountry "GER"]
[SourceTitle "EXT 2009"]
[Source "ChessBase"]
[SourceDate "2008.11.26"]
[SourceVersion "1"]
[SourceVersionDate "2008.11.26"]
[SourceQuality "1"]
[WhiteTeam "Wattenscheid III"]
[BlackTeam "Dortmund SV"]
[WhiteTeamCountry "GER"]
[BlackTeamCountry "GER"]

1. d4 Nf6 2. c4 e6 3. Nf3 b6 4. e3 Bb7 5. Bd3 Bb4+ 6. Nbd2 0-0 7. 0-0 d5 8. a3 Bxd2 9. Bxd2 dxc4 10. Bxc4 Ne4 11. Be1 Nd7 12. Nd2 Nd6 13. Be2 e5 14. Nc4 Qg5 15. g3 Nxc4 16. Bxc4 c5 17. dxc5 Nxc5 18. Bb4 Rfd8 19. Qe2 Qf6 20. Bxc5 Qc6 21. f3 1/2-1/2

[Event "Oberliga NRW 0102 I"]
[Site "Germany"]
[Date "2002.02.10"]
[Round "6.7"]
[White "Schlehoefer, Ralf"]
[Black "Grobe, Detlef"]
[Result "1/2-1/2"]
[WhiteElo "2306"]
[BlackElo "2029"]
[PlyCount "115"]
[EventDate "2001.10.??"]
[EventType "team"]
[EventRounds "9"]
[EventCountry "GER"]
[SourceTitle "EXT 2004"]
[Source "ChessBase"]
[SourceDate "2003.11.25"]
[SourceVersion "1"]
[SourceVersionDate "2003.11.25"]
[SourceQuality "1"]
[WhiteTeam "Muelheim Nord"]
[BlackTeam "Herford"]
[WhiteTeamCountry "GER"]
[BlackTeamCountry "GER"]

1. d4 d5 2. c4 dxc4 3. e4 Nc6 4. d5 Ne5 5. Bf4 Ng6 6. Be3 Nf6 7. Nc3 e6 8. Bxc4 exd5 9. exd5 Bd6 10. Nf3 0-0 11. 0-0 Ng4 12. Bd4 Nh4 13. g3 Nf5 14. Ne4 Nxd4 15. Qxd4 Be7 16. Rad1 Nf6 17. d6 cxd6 18. Nxd6 Bxd6 19. Qxd6 Bg4 20. Qf4 Qb8 21. Qxb8 Raxb8 22. Kg2 b5 23. Bb3 Rbd8 24. h3 Bh5 25. g4 Bg6 26. Ne5 Be4+ 27. Kg3 Bd5 28. Bxd5 Rxd5 29. Rxd5 Nxd5 30. Rd1 Nb6 31. Nd7 Nxd7 32. Rxd7 Ra8 33. Rb7 a6 34. b3 g5 35. h4 gxh4+ 36. Kxh4 Re8 37. Rb6 Re2 38. Rxa6 Rxf2 39. Kg3 Rb2 40. Kf4 Kg7 41. Ra5 Kg6 42. Rxb5 Rxa2 43. Rb6+ Kg7 44. b4 Rf2+ 45. Ke3 Rg2 46. Kf3 Rb2 47. b5 Rb4 48. Rb8 h5 49. gxh5 Rh4 50. Rc8 Rxh5 51. b6 Rb5 52. Rc6 Kf8 53. Ke4 Ke8 54. Kd4 Kd7 55. Rf6 Ke7 56. Kc4 Rb1 57. Rh6 Kd7 58. Kc5 1/2-1/2

[Event "Oberliga NRW 0102 I"]
[Site "Germany"]
[Date "2001.10.21"]
[Round "2.6"]
[White "Haude, Ruediger"]
[Black "Schlehoefer, Ralf"]
[Result "1/2-1/2"]
[WhiteElo "1995"]
[BlackElo "2306"]
[PlyCount "63"]
[EventDate "2001.10.??"]
[EventType "team"]
[EventRounds "9"]
[EventCountry "GER"]
[SourceTitle "EXT 2004"]
[Source "ChessBase"]
[SourceDate "2003.11.25"]
[SourceVersion "1"]
[SourceVersionDate "2003.11.25"]
[SourceQuality "1"]
[WhiteTeam "Letmathe"]
[BlackTeam "Muelheim Nord"]
[WhiteTeamCountry "GER"]
[BlackTeamCountry "GER"]

1. Nf3 c5 2. c4 Nc6 3. Nc3 g6 4. g3 Bg7 5. Bg2 h5 6. e3 Nh6 7. d3 Nf5 8. e4 Nfd4 9. Nxd4 Nxd4 10. Ne2 h4 11. Nxd4 Bxd4 12. Qe2 Qb6 13. a3 hxg3 14. hxg3 Rxh1+ 15. Bxh1 Qf6 16. Rb1 d6 17. Be3 Bd7 18. Bxd4 Qxd4 19. Kd2 0-0-0 20. Qe3 Qxe3+ 21. Kxe3 Rh8 22. Bf3 e5 23. Rh1 Rxh1 24. Bxh1 a5 25. Bf3 Kd8 26. Bd1 Ke7 27. a4 b6 28. b3 f5 29. f3 Kf6 30. Kf2 Kg5 31. Kg2 fxe4 32. dxe4 1/2-1/2

[Event "Oberliga NRW 0001 I"]
[Site "NRW"]
[Date "2001.05.06"]
[Round "9.6"]
[White "Schlehoefer, Ralf"]
[Black "Weiermann, Andreas"]
[Result "1-0"]
[WhiteElo "2337"]
[BlackElo "2138"]
[PlyCount "57"]
[EventDate "2000.09.24"]
[EventType "team"]
[EventRounds "9"]
[EventCountry "GER"]
[SourceTitle "EXT 2006"]
[Source "ChessBase"]
[SourceDate "2005.11.24"]
[SourceVersion "1"]
[SourceVersionDate "2005.11.24"]
[SourceQuality "1"]
[WhiteTeam "Muelheim"]
[BlackTeam "Muenster II"]
[WhiteTeamCountry "GER"]
[BlackTeamCountry "GER"]

1. d4 d6 2. c4 f5 3. Nc3 Nf6 4. Bg5 Nbd7 5. Nf3 g6 6. Qc2 Bg7 7. e4 fxe4 8. Nxe4 0-0 9. 0-0-0 Qe8 10. Bd3 e5 11. Nxf6+ Bxf6 12. Bxf6 Rxf6 13. Rhe1 Qf8 14. c5 exd4 15. cxd6 Rxd6 16. Bc4+ Kg7 17. Rxd4 Nf6 18. Qc3 Bd7 19. Ne5 Re8 20. Re3 Rxd4 21. Qxd4 Bc8 22. g4 Qd6 23. Qc3 Rd8 24. Rd3 Qe7 25. Rxd8 Qxd8 26. Nf7 Qe7 27. g5 Kf8 28. gxf6 Qc5 29. Qa3 1-0

[Event "Oberliga NRW 0001 I"]
[Site "NRW"]
[Date "2001.01.14"]
[Round "5.7"]
[White "Becker, Marcel"]
[Black "Schlehoefer, Ralf"]
[Result "1-0"]
[WhiteElo "2245"]
[BlackElo "2337"]
[PlyCount "79"]
[EventDate "2000.09.24"]
[EventType "team"]
[EventRounds "9"]
[EventCountry "GER"]
[SourceTitle "EXT 2006"]
[Source "ChessBase"]
[SourceDate "2005.11.24"]
[SourceVersion "1"]
[SourceVersionDate "2005.11.24"]
[SourceQuality "1"]
[WhiteTeam "Essen Borbeck"]
[BlackTeam "Muelheim"]
[WhiteTeamCountry "GER"]
[BlackTeamCountry "GER"]

1. d4 Nf6 2. c4 g6 3. Nc3 Bg7 4. e4 d6 5. f4 Bg4 6. Be2 Bxe2 7. Qxe2 Nc6 8. Nf3 e5 9. dxe5 dxe5 10. fxe5 Ng4 11. Bg5 Nd4 12. Nxd4 Qxg5 13. Nd5 0-0-0 14. h4 Qh5 15. Nf4 Qxe5 16. Qxg4+ f5 17. Nxf5 gxf5 18. Qxf5+ Kb8 19. Qxe5 Bxe5 20. Ne2 Bxb2 21. Rb1 Ba3 22. Rh3 Bc5 23. Rf3 Rhe8 24. Rf5 Bf8 25. e5 Bg7 26. Rf7 Bxe5 27. Rxh7 a5 28. g4 Bd6 29. g5 Re4 30. g6 Rde8 31. Rb2 Bg3+ 32. Kf1 Bxh4 33. Rf7 R4e6 34. Nf4 Rf6 35. Rxf6 Bxf6 36. Re2 Rg8 37. Re6 Bg5 38. Nh5 Kc8 39. Nf6 Bxf6 40. Rxf6 1-0

[Event "Bad Zwesten op 4th"]
[Site "Bad Zwesten"]
[Date "2000.01.19"]
[Round "9"]
[White "Franke, Thomas"]
[Black "Schlehoefer, Ralf"]
[Result "0-1"]
[WhiteElo "2190"]
[BlackElo "2327"]
[PlyCount "98"]
[EventDate "2000.01.??"]
[EventType "swiss"]
[EventRounds "9"]
[EventCountry "GER"]
[SourceTitle "EXT 2001"]
[Source "ChessBase"]
[SourceDate "2000.11.22"]
[SourceVersion "1"]
[SourceVersionDate "2000.11.22"]
[SourceQuality "1"]

1. c4 e6 2. g3 d5 3. Bg2 Nf6 4. Nf3 Be7 5. 0-0 0-0 6. d4 b6 7. Nc3 Bb7 8. Ne5 h6 9. Bf4 c6 10. e4 dxc4 11. Nxc4 Ba6 12. b3 b5 13. Ne5 b4 14. Ne2 Bxe2 15. Qxe2 Qxd4 16. Rac1 Qb6 17. Rc2 a5 18. Rfc1 Ra6 19. Nxc6 Nxc6 20. Bf1 Nd4 21. Qxa6 Qxa6 22. Bxa6 Nxc2 23. Rxc2 Nxe4 24. Bc7 Bd8 25. Bb7 Bxc7 26. Bxe4 Bb6 27. Kf1 Rb8 28. Rc6 g5 29. g4 Kg7 30. Ke2 Kf6 31. Bd3 Bd4 32. Rc7 Rd8 33. f3 Be5 34. Rc5 Rd5 35. Rc8 Bxh2 36. Rh8 Kg7 37. Rh7+ Kf8 38. Rxh6 Be5 39. Rh1 Rc5 40. Bc4 a4 41. Rc1 a3 42. Rc2 Ke7 43. Bd3 Bc3 44. Kf2 f5 45. gxf5 exf5 46. Re2+ Kf6 47. Bc4 Rxc4 48. bxc4 b3 49. axb3 Bb2 0-1

[Event "Bad Zwesten op 4th"]
[Site "Bad Zwesten"]
[Date "2000.01.13"]
[Round "6"]
[White "Schlehoefer, Ralf"]
[Black "Zaragatski, Ilja"]
[Result "1/2-1/2"]
[WhiteElo "2327"]
[BlackElo "2154"]
[PlyCount "37"]
[EventDate "2000.01.??"]
[EventType "swiss"]
[EventRounds "9"]
[EventCountry "GER"]
[SourceTitle "EXT 2001"]
[Source "ChessBase"]
[SourceDate "2000.11.22"]
[SourceVersion "1"]
[SourceVersionDate "2000.11.22"]
[SourceQuality "1"]

1. Nf3 Nf6 2. g3 b6 3. Bg2 Bb7 4. 0-0 e6 5. d3 c5 6. Nbd2 Be7 7. Re1 d5 8. e4 Nc6 9. c3 Qc7 10. a3 0-0-0 11. b4 dxe4 12. dxe4 Nd7 13. Qb3 Nde5 14. Nxe5 Nxe5 15. Nc4 Nxc4 16. Qxc4 cxb4 17. Qxc7+ Kxc7 18. axb4 Kb8 19. Bf1 1/2-1/2

[Event "Oberliga NRW 9900 II"]
[Site "Germany"]
[Date "1999.10.26"]
[Round "1.8"]
[White "Schlehoefer, Ralf"]
[Black "Niermann, Rainer"]
[Result "1-0"]
[WhiteElo "2345"]
[BlackElo "2170"]
[PlyCount "99"]
[EventDate "1999.10.26"]
[EventType "team"]
[EventRounds "9"]
[EventCountry "GER"]
[SourceTitle "EXT 2001"]
[Source "ChessBase"]
[SourceDate "2000.11.22"]
[SourceVersion "1"]
[SourceVersionDate "2000.11.22"]
[SourceQuality "1"]
[WhiteTeam "Muelheim Nord"]
[BlackTeam "Muenster II"]
[WhiteTeamCountry "GER"]
[BlackTeamCountry "GER"]

1. d4 Nf6 2. Nf3 e6 3. e3 b6 4. Bd3 Bb7 5. Nbd2 d5 6. 0-0 Nbd7 7. b3 Bd6 8. Bb2 0-0 9. Ne5 Ne4 10. f3 Nxd2 11. Qxd2 f6 12. Nxd7 Qxd7 13. c4 Rad8 14. Qc2 h6 15. cxd5 exd5 16. Rae1 c5 17. Qf2 Qc7 18. Qh4 c4 19. bxc4 dxc4 20. Bc2 Bb4 21. Rd1 c3 22. Bc1 Bd5 23. Qg4 Kh8 24. e4 Bxa2 25. d5 Bd6 26. f4 Bc4 27. Rfe1 Qd7 28. Qg3 Bc5+ 29. Kh1 b5 30. e5 f5 31. Qxc3 Bf2 32. e6 Bxe1 33. Rxe1 Qe7 34. Ba3 Qf6 35. Qxf6 Rxf6 36. Be7 Re8 37. Bxf6 gxf6 38. Bxf5 Bxd5 39. e7 Kg7 40. Bd7 Kf7 41. Bxe8+ Kxe8 42. Ra1 Kxe7 43. Rxa7+ Kd6 44. Ra6+ Bc6 45. Kg1 b4 46. Kf2 Kc5 47. Ke3 Kb5 48. Ra7 b3 49. Kd2 Kb4 50. g3 1-0